MARC

LEADER 00000cam a2200000 a 4500
001 vtls001364335
003 SK-MaSNL
005 20260301141032.0
008 171201s1999 xo oafce a 0000f slo
015 |a SNBA1999/08-03112 
020 |a 809678787X  |q (viaz.) 
035 |a SNK000317974 
040 |a SNK  |b slo  |c SNK  |e AACR2 
041 1 |a slo  |h eng 
044 |a xo  |c SK 
072 7 |a 821.111-3  |x Anglická próza, anglicky písaná  |2 konspekt 
080 |a 820/899 (100)-3(082)  |2 1981  |2 2001 
080 |a 821.111-31  |2 2001 
080 |a 821.111(73)-31  |2 2001 
080 |a (0:82-312.4)  |2 2001 
080 |a (0:82-311.2)  |2 2001 
080 |a 821.111(71)-31  |2 2001 
080 |a (082.21)  |2 2008 
245 0 0 |a Ikona  |c Frederick Forsyth. Biela Puma / R. D. Lawrence. Advokát chudobných / John Grisham. Zápisník / Nicholas Sparks ; [z anglických originálov preložili Ján Vilikovský ... [et al.]] 
250 |a Vyd. 1. 
260 |a Bratislava  |b Reader's Digest Výber  |c 1999 
300 |a 558 s.  |b fareb. ilustr., čb. portr.  |c 19 cm 
336 |a text  |b txt  |2 marccontent 
337 |a bez média  |b n  |2 marcmedia 
338 |a zväzok  |b nc  |2 marccarrier 
490 1 |a Najlepšie svetové čítanie  |v zv. 1. 
500 |a Údaj o prekl. prevzatý z rubu tit. strany 
655 7 |a americké romány  |2 SNKPH  |9 1174 
655 7 |a kanadské romány (anglicky)  |2 SNKPH  |9 70623 
655 7 |a anglicky písané romány  |2 SNKPH  |9 70583 
655 7 |a špionážne romány  |2 SNKPH  |9 70652 
655 7 |a realistické romány  |2 SNKPH  |9 118187 
655 7 |a spoločenské romány  |2 SNKPH  |9 70538 
655 7 |a detektívne romány  |2 SNKPH  |9 70455 
655 7 |a antológie  |2 SNKPH  |9 70414 
655 7 |a English fiction  |2 SNKPHeng  |9 109944 
655 7 |a Canadian fiction (English)  |2 SNKPHeng  |9 287561 
655 7 |a American novels  |2 SNKPHeng  |9 277755 
655 7 |a Fiction in English  |2 SNKPHeng  |9 313625 
655 7 |a Spy novels  |2 SNKPHeng  |9 324856 
655 7 |a Realistic novels  |2 SAVUKPHeng  |9 494517 
655 7 |a Detective novels  |2 SNKPHeng  |9 121444 
655 7 |a Anthologies  |2 SNKPHeng  |9 275775 
655 7 |a anglické romány  |2 SNKPH  |9 70428 
700 1 2 |a Grisham, John,  |d 1955-  |t Street lawyer  |l Slovensky  |9 494518 
700 1 2 |a Sparks, Nicholas,  |d 1965-  |t Notebook  |l Slovensky  |9 494519 
700 1 2 |a Forsyth, Frederick,  |d 1938-2025  |t Icon  |l Slovensky  |9 494520 
700 1 |a Vilikovský, Ján,  |d 1937-2023  |4 trl  |9 99553 
700 1 |a Ruppeldtová, Alexandra,  |d 1954-  |4 trl  |9 90839 
700 1 |a Kamenistý, Ján,  |d 1941-  |4 trl  |9 103266 
700 1 |a Lukáč, Pavol,  |d 1970-2004  |4 trl  |9 89416 
700 1 2 |a Lawrence, R. D.,  |q (Ronald Douglas),  |d 1921-2003  |t White puma  |l Slovensky  |9 494521 
740 0 2 |a Biela puma 
740 0 2 |a Advokát chudobných 
740 0 2 |a Zápisník 
830 0 |a Najlepšie svetové čítanie  |9 302338 
919 |a 80-967878-7-X 
958 |a LX 
958 |a UP 
968 |b ENG 
999 |c 765809  |d 767739 
952 |t P60, <03>, [BOOK], {603}  |a SNK  |b SNK  |y PREZ  |7 0  |p 17A0194193  |o snkSD 70078  |i snkKSP 5853/99  |0 0  |1 0  |4 0  |d 1999-05-28  |l 0  |r 2005-01-02 00:00:00  |w 2026-02-24 
952 |t P60, <04>, [BOOK], {604}  |a SNK  |b SNK  |y VYP  |7 0  |p 17A0194194  |o snkSD 70078 D1  |i snkKSP 5854/99  |0 0  |1 0  |4 0  |d 1999-05-28  |l 0  |r 2005-01-02 00:00:00  |w 2026-02-24